000 00707nam a22002417a 4500
003 UA-OsUOA
001 22363
007 ta
008 20031219b un ||||| |||| 00| 0 ukr d
090 _a37.012
_bК63
942 _cBK
040 _aUA-OsUOA
_brus
_cUA-OsUOA
_dUA-OsUOA
245 _aКоменский Я.А., Локк Д., Руссо Ж.-Ж., Песталоцци И.Г.
_bПедагогическое нааследие
_cСост. В.М.Кларин А.Н.Джуринский
300 _a416 с.
955 _a0
041 _arus
080 _a37.012
020 _a5-7155-0164-4
260 _aМосква
_bПедагогика
_c1989
044 _aRU
650 7 _2UDC
999 _c308581
_d308581